| 000 | 00427nam a2200157Ia 4500 | ||
|---|---|---|---|
| 008 | 190423s9999 xx 000 0 und d | ||
| 100 | _aFitterman, Lisa | ||
| 245 | 4 | _aThe Capital of play/ | |
| 245 | _cLisa Fitterman | ||
| 260 | _bReader's Digest Asia | ||
| 260 | _c2018 | ||
| 300 | _aPages 96-103, November 2018 | ||
| 440 |
_aAsia Reader's Digest: Health Truths About Salts _v114:669 |
||
| 650 | _aLego | ||
| 650 | _aPlay | ||
| 999 |
_c361529 _d361529 |
||